000 00930nam a2200241 a 4500
999 _c20223
_d20223
005 20180605120053.0
008 140424s2012 ck gr 00010dspa d
020 _a9789587530681
020 _a9789587530582 (obra completa)
040 _aCO-BoBLA
_cCO-BoBLA
_dCO-BoIAVH
041 0 _aspa
044 _ack
082 0 4 _a306.409861
_bP14h
100 1 _aMoreno Blanco, Lácydes
_eautor
245 1 0 _aPalabras junto al fogón :
_bselección de golosos textos culinarios y antología de viandas olvidadas /
_cLácydes Moreno Blanco.
260 _aBogotá (Colombia) :
_bMinisterio de Cultura,
_c2012.
300 _a272 páginas ;
_c21 x 17 cm.
490 0 _aBiblioteca básica de cocinas tradicionales de Colombia ;
_v14
504 _aIncluye referencias bibliográficas: páginas 263-269.
650 2 6 _aPreparación de alimentos
650 2 6 _aCostumbres alimenticias
_zColombia
942 _2ddc
_cLIBRO